58

Доступно только в Электронных читальных залах Найти на картеНа карте
RUSMARC
00003984nac2a22002651x 450
00151844afb-ceac-4cd5-8a7c-2c6139a98514
00520170818003626.0
100##$a20170517l1932 k y0rusy50 ca
1010#$arus
102##$aRU
105##$ay z |||||
1220#$ad19321203
2001#$a58
$j03.12.1932
215##$a49 листов
251##$cДело
300##$aЗаголовок дела на папке: Протокол № 58 заседания Секретариата Центрального Исполнительного Комитета Союза ССР от 3 декабря 1932 г.
300##$aМашинописный и рукописный текст
330##$aВходит в раздел описи: Протоколы заседаний Секретариата Президиума VI-го созыва
461#0$1001796d4672-8a00-4986-b488-6e42273792cc
$12001
$aЦЕНТРАЛЬНЫЙ ИСПОЛНИТЕЛЬНЫЙ КОМИТЕТ СССР (ЦИК СССР)
$1251
$cФонд
$1852
$j3316
$gР
462#0$10015593f570-cd62-4a8d-a1d8-0c815fe27ed2
$12001
$aПротоколы заседаний Президиума ЦИК СССР, объединенных заседаний секретариатов ЦИК СССР и ВЦИК и совещаний при председателе ЦИК СССР. 1923-1938 гг.
$vД. 1190
$1251
$cОпись
$1852
$j12
5171#$aПротокол № 58 заседания Секретариата Центрального Исполнительного Комитета Союза ССР от 3 декабря 1932 г.
60101$3RU\NLR\AUTH\880357276
$aСССР
$bЦИК
801#0$aRU
$bGA_RF
801#1$aRU
$bАО "НПО Опыт"
$c20170517
$2rusmarc
801#2$aRU
$bПБ им. Б.Н. Ельцина
$c20170818
$gRCR
$2rusmarc
852##$aГА РФ
$j1190
937##$d101959310
$hПБ
035##$aRuPRLIB51043559
856##$uhttp://readingroom.main.prlib.ru/item.aspx?id_node=n101959310&mode=full
Формат отображения